<?xml version="1.0" encoding="UTF-8"?>
<record
    xmlns:xsi="http://www.w3.org/2001/XMLSchema-instance"
    xsi:schemaLocation="http://www.loc.gov/MARC21/slim http://www.loc.gov/standards/marcxml/schema/MARC21slim.xsd"
    xmlns="http://www.loc.gov/MARC21/slim">

  <leader>01258nam0a22003251  4500</leader>
  <controlfield tag="001">rc\3777103</controlfield>
  <controlfield tag="005">20250530051140.0</controlfield>
  <datafield tag="021" ind1=" " ind2=" ">
    <subfield code="a">RU</subfield>
    <subfield code="b">[75-55328]</subfield>
  </datafield>
  <datafield tag="035" ind1=" " ind2=" ">
    <subfield code="a">(NLR Aleph) 007238228</subfield>
  </datafield>
  <datafield tag="090" ind1=" " ind2=" ">
    <subfield code="a">7748604</subfield>
    <subfield code="c">7748604</subfield>
  </datafield>
  <datafield tag="100" ind1=" " ind2=" ">
    <subfield code="a">20120207d1975    |||y0rusy50      ca</subfield>
  </datafield>
  <datafield tag="101" ind1="0" ind2=" ">
    <subfield code="a">rus</subfield>
  </datafield>
  <datafield tag="102" ind1=" " ind2=" ">
    <subfield code="a">RU</subfield>
  </datafield>
  <datafield tag="105" ind1=" " ind2=" ">
    <subfield code="a">a   z   |||||</subfield>
  </datafield>
  <datafield tag="200" ind1="1" ind2=" ">
    <subfield code="a">&#x422;&#x435;&#x43B;&#x435;&#x432;&#x438;&#x437;&#x438;&#x43E;&#x43D;&#x43D;&#x44B;&#x435; &#x441;&#x438;&#x441;&#x442;&#x435;&#x43C;&#x44B; &#x43E;&#x442;&#x43E;&#x431;&#x440;&#x430;&#x436;&#x435;&#x43D;&#x438;&#x44F; &#x438;&#x43D;&#x444;&#x43E;&#x440;&#x43C;&#x430;&#x446;&#x438;&#x438;</subfield>
  </datafield>
  <datafield tag="210" ind1=" " ind2=" ">
    <subfield code="a">&#x41B;&#x435;&#x43D;&#x438;&#x43D;&#x433;&#x440;&#x430;&#x434;</subfield>
    <subfield code="c">&#x42D;&#x43D;&#x435;&#x440;&#x433;&#x438;&#x44F;. &#x41B;&#x435;&#x43D;&#x438;&#x43D;&#x433;&#x440;. &#x43E;&#x442;&#x434;-&#x43D;&#x438;&#x435;</subfield>
    <subfield code="d">1975</subfield>
  </datafield>
  <datafield tag="215" ind1=" " ind2=" ">
    <subfield code="a">81 &#x441;.</subfield>
    <subfield code="c">&#x447;&#x435;&#x440;&#x442;.</subfield>
    <subfield code="d">20</subfield>
  </datafield>
  <datafield tag="225" ind1="1" ind2=" ">
    <subfield code="a">&#x411;&#x438;&#x431;&#x43B;&#x438;&#x43E;&#x442;&#x435;&#x43A;&#x430; &#x43F;&#x43E; &#x430;&#x432;&#x442;&#x43E;&#x43C;&#x430;&#x442;&#x438;&#x43A;&#x435;</subfield>
    <subfield code="v">&#x412;&#x44B;&#x43F;. 540</subfield>
  </datafield>
  <datafield tag="300" ind1=" " ind2=" ">
    <subfield code="a">&#x41D;&#x430; &#x43E;&#x431;&#x43B;. 1-&#x439; &#x430;&#x432;&#x442;.: &#x42F;.&#x42F; [!] &#x414;&#x440;&#x443;&#x437;&#x438;&#x43D;</subfield>
  </datafield>
  <datafield tag="320" ind1=" " ind2=" ">
    <subfield code="a">&#x421;&#x43F;&#x438;&#x441;&#x43E;&#x43A; &#x43B;&#x438;&#x442;.: &#x441;. 80 (14 &#x43D;&#x430;&#x437;&#x432;.)</subfield>
  </datafield>
  <datafield tag="606" ind1=" " ind2=" ">
    <subfield code="a">&#x426;&#x438;&#x444;&#x440;&#x43E;&#x432;&#x44B;&#x435; &#x432;&#x44B;&#x447;&#x438;&#x441;&#x43B;&#x438;&#x442;&#x435;&#x43B;&#x44C;&#x43D;&#x44B;&#x435; &#x43C;&#x430;&#x448;&#x438;&#x43D;&#x44B;</subfield>
    <subfield code="x">&#x412;&#x44B;&#x432;&#x43E;&#x434; &#x438;&#x43D;&#x444;&#x43E;&#x440;&#x43C;&#x430;&#x446;&#x438;&#x438;</subfield>
    <subfield code="2">psbo</subfield>
  </datafield>
  <datafield tag="606" ind1=" " ind2=" ">
    <subfield code="a">&#x41E;&#x442;&#x43E;&#x431;&#x440;&#x430;&#x436;&#x435;&#x43D;&#x438;&#x44F; &#x443;&#x441;&#x442;&#x440;&#x43E;&#x439;&#x441;&#x442;&#x432;&#x430;</subfield>
    <subfield code="2">psbo</subfield>
  </datafield>
  <datafield tag="700" ind1=" " ind2="1">
    <subfield code="6">z01790</subfield>
    <subfield code="a">&#x414;&#x440;&#x443;&#x437;&#x438;&#x43D;</subfield>
    <subfield code="b">&#x42F;.&#x412;.</subfield>
    <subfield code="g">&#x42F;&#x440;&#x43E;&#x441;&#x43B;&#x430;&#x432; &#x412;&#x430;&#x43B;&#x435;&#x440;&#x438;&#x435;&#x432;&#x438;&#x447;</subfield>
  </datafield>
  <datafield tag="701" ind1=" " ind2="1">
    <subfield code="a">&#x41A;&#x43E;&#x433;&#x430;&#x43D;&#x435;&#x440;</subfield>
    <subfield code="b">&#x421;.&#x42D;.</subfield>
    <subfield code="g">&#x421;&#x435;&#x440;&#x433;&#x435;&#x439; &#x42D;&#x439;&#x437;&#x435;&#x440;&#x43E;&#x432;&#x438;&#x447;</subfield>
  </datafield>
  <datafield tag="790" ind1=" " ind2="1">
    <subfield code="6">z01700</subfield>
    <subfield code="a">&#x414;&#x440;&#x443;&#x437;&#x438;&#x43D;</subfield>
    <subfield code="b">&#x42F;.</subfield>
    <subfield code="g">&#x42F;.&#x42F;.[!]</subfield>
  </datafield>
  <datafield tag="801" ind1=" " ind2="0">
    <subfield code="a">RU</subfield>
    <subfield code="b">NLR</subfield>
    <subfield code="g">psbo</subfield>
  </datafield>
  <datafield tag="801" ind1=" " ind2="1">
    <subfield code="a">RU</subfield>
    <subfield code="b">ELAR</subfield>
    <subfield code="2">rusmarc</subfield>
  </datafield>
  <datafield tag="852" ind1=" " ind2=" ">
    <subfield code="a">NLR</subfield>
    <subfield code="j">75-4/13682</subfield>
  </datafield>
  <datafield tag="942" ind1=" " ind2=" ">
    <subfield code="c">BOOK</subfield>
  </datafield>
  <datafield tag="980" ind1=" " ind2=" ">
    <subfield code="a">NB</subfield>
  </datafield>
  <datafield tag="995" ind1=" " ind2=" ">
    <subfield code="5">2013-10-26</subfield>
    <subfield code="b">NLR01</subfield>
    <subfield code="c">NLR01</subfield>
    <subfield code="e">RF91</subfield>
    <subfield code="f">7238228-10</subfield>
    <subfield code="k">75-4/13682</subfield>
    <subfield code="o">0</subfield>
    <subfield code="r">BOOK</subfield>
    <subfield code="s">75413682_</subfield>
  </datafield>
</record>
